000 00984nam a2200241Ia 4500
003 Ost
005 20260507075554.0
008 260507s9999||||xx |||||||||||||| ||und||
020 _a9957021672
040 _cfsecg
041 _aara
082 _a600
100 _aمجيد، طارق الشيخ
_eمؤلف
245 0 _aالنظرية الاحتسابية /
_c طارق الشيخ مجيد
260 _aعمان:
_bدار مجدلاوي للنشر و التوزيع,
_c2005
300 _a259 صفحة؛
_bإيضاحات ؛
_c24 سم
504 _aمراجع ص.259
520 _aاساسيات رياضياتية و كذا مدخل للنظرية الاحتسابية, التعبير التام, الأتمتة و القواعد اضافة الى مكان الدفع للأسفل و في الاخير مكائن تورنج.
653 _aالحاسبات الالكترونية
653 _aتجهيز آلي
653 _aنظرية المكائن
942 _cكتاب
999 _c44945
_d44945